Responses for Show #1160 - Friday, September 22, 1989

Contestants

Sarah Echt, a price analyst originally from Akron, Ohio

Jay German, an innkeeper from Los Angeles, California

Tom Smolich, a Catholic priest originally from Sacramento, California (whose 1-day cash winnings total $15,400)

[next game >>]

Jeopardy! Round responses

SINGERS
SPORTS
THE INSECT WORLD
THE WEST INDIES
POTPOURRI
"WET"
    $100 5
James Brown

Tom
    $100 1
New Orleans

Tom
    $100 19
a caterpillar

Tom
    $100 28
the Virgin Islands

Tom
    $100 8
coupons

Jay
    $100 11
a wetsuit

Jay
    $200 13
(Tom: Who is Liberace?)

Bobby Vinton

Tom
Triple Stumper
    $200 2
rappelling

Jay
    $200 10
six

Tom
    $200 24
(Tom: What is sugar?)
(Alex: Be more specific.)
(Tom: [*].)
(Alex: [*], yes. We have a minute left in the round.)

sugarcane

Tom
    $200 12
cards

Tom
    $200 17
a wet bar

Jay
    $300 14
Hank Williams, Jr.

Jay
    $300 3
(Alex: Yes, the [*] Kings in the National Hockey League. Select again.)

Los Angeles

Jay
    $300 29
(Tom: What are its eyes?)
...
[The end-of-round signal sounds.]

antennae

Tom
    $300 25
The Dominican Republic

Tom
    $300 20
a raccoon

Tom
    $300 18
wet behind the ears

Jay
    $400 15
Roy Orbison

Tom
    $400 6
discus

Jay
    $400 26
Kingston

Tom
    $400 21
(Jay: What is hand, heart, and, uh...)
(Alex: Sorry, that's incorrect.)

head, heart & health

JaySarah
    $400 9
a wet blanket

Jay
    $500 16
Madonna

Sarah
    $500 7
(Sarah: What is triathlon?)

the modern pentathlon

Sarah
Triple Stumper
    $500 4
cosmetics (dyeing also acceptable)

Sarah
    $500 27
Trinidad and Tobago

Tom
    $500 23
Bob Vila

Triple Stumper
    $500 22
wetting your whistle

Jay

Scores at the first commercial break (after clue 11):

Tom Jay Sarah
$400 $1,500 $0

Scores at the end of the Jeopardy! Round:

Tom Jay Sarah
$2,400 $2,400 $900

Double Jeopardy! Round responses

20th CENTURY WRITERS
CLOTHING
MIDDLE NAMES
HISTORY
MOVIE TRIVIA
"DRY"
    $200 2
I, Claudius

Jay
    $200 27
(Alex: Yes, less than a minute left.)

the head

Sarah
    $200 19
Oral Roberts

Sarah
    $200 22
(Tom: Who is Caesar?)
(Alex: Be more specific.)
(Tom: Who is [*]?)

Julius Caesar

Tom
    $200 13
King Kong

Jay
    $200 1
a dry goods store

Tom
    $400 9
Edward Albee

Tom
    $400 3
brassiere

Sarah
    $400 20
(Alex: Yes, Harry Lillis Crosby.)

Bing Crosby

Tom
    $400 24
(Sarah: What's the agora?)

drachma

TomSarah
    $400 14
Jerry Lee Lewis

Jay
    $400 4
Don Drysdale

Jay
    $2,000 10
Simone de Beauvoir

Tom
    $600 29
an obi

Sarah
    $600 21
William S. Hart

Jay
    $600 18
Romania

Tom
    $600 15
Lean on Me

Triple Stumper
    $600 5
a dry cleaner

Jay
    $800 11
(John) Hersey

Tom
    $3,000 30
the 1920s

Sarah
    $800 7
(Alex: Yes: John [*] Sousa.)

Philip

Sarah
    $800 25
Newton

Tom
    $800 16
Max von Sydow

Tom
    $800 6
dry rot

Jay
    $1000 12
The Alexandria Quartet

Sarah
    $1000 28
cambric

Sarah
    $1000 23
Francis

Triple Stumper
    $1000 26
Poland

Tom
    $1000 17
(The) Thin Blue Line

Sarah
    $1000 8
(John) Dryden

Tom

Scores at the end of the Double Jeopardy! Round:

Tom Jay Sarah
$11,000 $5,600 $8,700

[wagering suggestions for these scores]

Final Jeopardy! Round responses

THE U.S. CONGRESS
JayWho is Inouye?
$0
SarahWho is Inouye?
$3,000
TomWho is Inoyue?
$6,401
Daniel Inouye

Final scores:

Tom Jay Sarah
$17,401 $5,600 $11,700
2-day champion: $32,801 3rd place: a chair and an ottoman 2nd place: a home security system + binoculars

Game dynamics:

Coryat scores:

Tom Jay Sarah
$9,900 $5,600 $6,500
24 R
(including 1 DD),
2 W
(including 1 DD)
17 R,
1 W
12 R
(including 1 DD),
2 W

Combined Coryat: $22,000

[game clues] [game scores] [suggest correction]

Game tape date: 1989-06-14
The J! Archive is created by fans, for fans. Scraping, republication, monetization, and malicious use prohibited; this site may use cookies and collect identifying information. See terms. The Jeopardy! game show and all elements thereof, including but not limited to copyright and trademark thereto, are the property of Jeopardy Productions, Inc. and are protected under law. This website is not affiliated with, sponsored by, or operated by Jeopardy Productions, Inc. Join the discussion at JBoard.tv.